Tiến tới một Asean hoà bình ổn định và phát triển bền vững
Sparad:
| Huvudupphovsman: | |
|---|---|
| Materialtyp: | Bok |
| Språk: | Undetermined |
| Publicerad: |
Hà Nội
Khoa học xã hội
2004
|
| Taggar: |
Lägg till en tagg
Inga taggar, Lägg till första taggen!
|
| Thư viện lưu trữ: | Trung tâm Học liệu Trường Đại học Cần Thơ |
|---|
| LEADER | 00557nam a2200181Ia 4500 | ||
|---|---|---|---|
| 001 | CTU_92408 | ||
| 008 | 210402s9999 xx 000 0 und d | ||
| 020 | |c 109000 | ||
| 082 | |a 330.959 | ||
| 082 | |b Q523 | ||
| 100 | |a Nguyễn, Duy Quý | ||
| 245 | 0 | |a Tiến tới một Asean hoà bình ổn định và phát triển bền vững | |
| 245 | 0 | |c Nguyễn Duy Quý | |
| 260 | |a Hà Nội | ||
| 260 | |b Khoa học xã hội | ||
| 260 | |c 2004 | ||
| 904 | |i Tuyến | ||
| 980 | |a Trung tâm Học liệu Trường Đại học Cần Thơ | ||